| 000 | 00428nam a22001577a 4500 | ||
|---|---|---|---|
| 003 | OSt | ||
| 005 | 20250716051717.0 | ||
| 008 | 250716b |||||||| |||| 00| 0 eng d | ||
| 040 |
_aDWCL - Main lib _cOC |
||
| 082 | _aFic. M624c 1963 | ||
| 100 | _aMichener, James A. | ||
| 245 |
_a Caravans/ _cJames A. Michener |
||
| 260 |
_aNew York : _bRandom House, _cc1963. |
||
| 300 |
_a370 pages ; _c 18 cm. |
||
| 942 |
_2ddc _cFIC. _kFic. _n0 |
||
| 999 |
_c3703 _d3703 |
||